It looks like you're offline.
Open Library logo
additional options menu

MARC Record from Library of Congress

Record ID marc_loc_2016/BooksAll.2016.part25.utf8:154819368:797
Source Library of Congress
Download Link /show-records/marc_loc_2016/BooksAll.2016.part25.utf8:154819368:797?format=raw

LEADER: 00797nam a2200253 a 4500
001 96139702
003 DLC
005 19970417074626.5
008 960419s1995 enkc 000 1 eng d
010 $a 96139702
015 $aGB95-48538
020 $a1857541979
035 $a(OCoLC)32667922
040 $aUkNcU$cUkNcU$dUk$dNN$dTxHU$dDLC
041 1 $aeng$hpor
042 $alccopycat
050 00 $aPQ9261.E3$bC313 1995
082 00 $a869.3/3$221
100 1 $aQueirós, Eça de,$d1845-1900.
240 10 $aCapital.$lEnglish
245 10 $aTo the capital /$cEça de Queirós ; [English translation, John Vetch].
260 $aManchester [England] :$bCarcanet in association with the Calouste Gulbenkian Foundation,$c1995.
300 $avii, 293 p. :$bport. ;$c21 cm.
440 0 $aAspects of Portugal